La nobleza en Indias. Estructuras y valores sociales. Estudios histórico-jurídicos.

Saved in:
Bibliographic Details
Main Author: Lira Montt, Luis (autor)
Format: Book
Language:English
Spanish
Published: Santiago, Chile: Publicaciones Bicentenario, 2010.
Edition:Primera edición.
Subjects:
Tags: Add Tag
No Tags, Be the first to tag this record!

MARC

LEADER 00000nam a22000007a 4500
003 CL-VaPUC
005 20220822114414.0
008 200121b2010 ||||| |||| 00| 0 eng d
999 |c 377577  |d 377575 
020 |a 978-956-332-614-4 (o.c) 
020 |a 978-956-332-616-1 (t.I) 
020 |a 978-956-332-617-8 (t.II) 
040 |c Pontificia Universidad Católica de Valparaíso 
041 0 |a spa 
082 |a 980.013 LIR 2010 
100 |a Lira Montt, Luis  |e autor  |9 445990 
245 1 3 |a La nobleza en Indias.   |b Estructuras y valores sociales. Estudios histórico-jurídicos. 
250 |a Primera edición.  
260 3 |a Santiago, Chile:  |b Publicaciones Bicentenario,  |c 2010. 
300 |a 2 tomos.  
500 |a c.2 Tomo I.-Tomo II. Donación Familia Prof. Alejandro Guzmán Brito. 
583 |c 20200121  |k Daniel Castañeda 
650 0 0 |a Historia de Chile  |9 265473  |x Aristocracia 
650 0 0 |a Colonialismo español  |9 446525 
650 0 0 |a Colonias españolas  |9 267778 
942 |2 ddc  |c BK  |n 0 
952 |0 0  |1 0  |2 ddc  |4 0  |6 980_013000000000000_LIR_2010  |7 0  |9 497567  |a BIBDER  |b BIBDER  |d 2020-01-21  |h t.1  |i 561371K  |o 980.013 LIR 2010  |p 561371K  |r 2023-01-25  |t 1  |w 2020-01-21  |y BK  |k DER 
952 |0 0  |1 0  |2 ddc  |4 0  |6 980_013000000000000_LIR_2010  |7 0  |9 497568  |a BIBDER  |b BIBDER  |d 2020-01-21  |h t.2  |i 5613728  |o 980.013 LIR 2010  |p 5613728  |r 2023-01-25  |t 1  |w 2020-01-21  |y BK  |k DER 
952 |0 0  |1 0  |2 ddc  |4 0  |6 980_013000000000000_LIR_2010  |7 1  |8 C_AGB  |9 579625  |a BIBDER  |b BIBDER  |d 2021-12-16  |e Donación   |h t. I.   |i 562942K   |o 980.013 LIR 2010  |p 562942K  |r 2023-01-25  |t 2  |w 2021-12-16  |y BK_US  |k AGB 
952 |0 0  |1 0  |2 ddc  |4 0  |6 980_013000000000000_LIR_2010  |7 1  |8 C_AGB  |9 579626  |a BIBDER  |b BIBDER  |d 2021-12-16  |e Donación   |h t. II  |i 5629438  |o 980.013 LIR 2010  |p 5629438  |r 2023-01-25  |t 2  |w 2021-12-16  |y BK_US  |k AGB